000 00634nam a2200229Ia 4500
003 OSt
005 20221007062249.0
006 a|||||r|||| 00| 0
007 ta
008 221006b |||||||| |||| 00| 0 eng d
024 _a3,956
037 _cTextual
040 _aFLL
_cFLL
_beng
041 _2eng
_aeng
082 _aZ2:5122, L3;1
100 _aGaur H.S.
_9682477
245 0 _aLaw relating to wronful restraint wrongful confinement
260 _aAllahabad
_bDelhi law house India
_c1973
650 _aLaw relating
_9682478
942 _hZ2:5122, L3;1
_cTEXL
_2CC
999 _c1128153
_d1128153